| 000 | 00778nam a2200289Ia 4500 | ||
|---|---|---|---|
| 001 | 13924 | ||
| 005 | 20240113235510.0 | ||
| 007 | ta | ||
| 008 | 051117s1946 a g b000 u 465 u | ||
| 040 | _aCotton College,Assam | ||
| 041 | _a465 | ||
| 082 |
_a332.15 _bL 47 C |
||
| 110 | _aLeague of Nations . | ||
| 245 | 0 |
_aConditions of Private Foreign Investment / _cLeague of Nations. _hReports |
|
| 250 | _a1st ed. / | ||
| 260 |
_aNew Jercy : _bLeague of Nations , _c1946. |
||
| 300 |
_a45p. : _bill ; _c23cm . |
||
| 500 | _a464/Report/Ref | ||
| 653 | _aEconomics | ||
| 653 | _aMS-Economics | ||
| 653 | _aInvestment-Private Foreign | ||
| 653 | _aForeign Investment | ||
| 653 | _aRare Report | ||
| 942 |
_2ddc _cBK |
||
| 999 |
_c13910 _d13910 |
||